Normal view
MARC view
- Krueger, Richard A.
Entry Personal Name
001 - CONTROL NUMBER
- control field: 1584
003 - CONTROL NUMBER IDENTIFIER
- control field: NUST
005 - DATE AND TIME OF LATEST TRANSACTION
- control field: 20170530120329.0
008 - FIXED-LENGTH DATA ELEMENTS
- fixed length control field: 170530|| aca||aabn | a|a d
040 ## - CATALOGING SOURCE
- Original cataloging agency: NUST
- Transcribing agency: NUST
100 ## - HEADING--PERSONAL NAME
- Personal name: Krueger, Richard A.
670 ## - SOURCE DATA FOUND
- Source citation: Work cat.: (NUST)0: Krueger, Richard A., Focus groups :
